01059 2200217 4500245004900000020002200049250001100071100001900082700002100101700001800122650001600140650001400156650001200170005001900182260002500201041001400226084001000240300002300250500055900273336000900832 aKisah Cinta Gajah MadacGesta BayuadhyhText a978-602-255-722-7 aCet. 1 aGesta Bayuadhy aRatna Mariastuti aDyas Suci Ari aBudaya Jawa aMajapahit aSejarah a20230926095115 aJakartabDiptac2015 aIndonesia a959.8 a216 hlm. :c20 cm. aGajah Mada merupakan sosok kontroversial. Orang tua, tempat lahir, wafat, kehidupan percintaan, bahkan sepak terjang Gajah Mada merupakan hal yang masih misterius. Terlepas dari segala kontroversi yang menyelingkupi kehidupan Gajah Mada, nyatanya nusantara dan Majapahit makmur pada zamannya. Bahkan, adanya Indonesia ini juga berkat Sumpah Palapa yang ia ucapkan untuk menyatukan nusantara. Buku ini berisi semua informasi yang berkaitan dengan kehidupan Gajah Mada, mulai dari lahirnya, kiprahnya di dunia politik, kisah percintaannya, hingga wafatnya. atext